书目信息 |
| 题名: |
爱玛
|
|
| 作者: | 奥斯汀, 著 ;李文俊 , 蔡慧 译 | |
| 分册: | ||
| 出版信息: | 北京 人民文学出版社 2005.01 |
|
| 页数: | 425页 | |
| 开本: | 21cm | |
| 丛书名: | 名著名译插图本 | |
| 单 册: | ||
| 中图分类: | I561.44 | |
| 科图分类: | ||
| 主题词: | 长篇小说--chang pian xiao shuo--英国--近代 | |
| 电子资源: | ||
| ISBN: | 7-02-005003-4 | |
| 000 | 01037nam 2200277 450 | |
| 001 | 012006743379 | |
| 005 | 20061206103134.00 | |
| 010 | @a7-02-005003-4@dCNY22.00 | |
| 100 | @a20061101d2005 km y0chiy0120 ea | |
| 101 | 1 | @achi@ceng |
| 102 | @aCN@b110000 | |
| 105 | @aa z 000yy | |
| 200 | 1 | @a爱玛@Aai ma@f(英) 简·奥斯丁著@F(ying)jian·ao si ding zhu@g李文俊, 蔡慧译@Gli wen jun,cai hui yi |
| 210 | @a北京@c人民文学出版社@d2005.01 | |
| 215 | @a425页@c图@d21cm | |
| 225 | 2 | @a名著名译插图本@Aming zhu ming yi cha tu ben |
| 314 | @a责任者(Austen)规范汉译姓:奥斯汀 | |
| 330 | @a本书以风趣的语言贺巧妙的故事结构,叙述了十九世纪初几对男女青年的恋爱与婚姻,是作者奥斯丁的作品中艺术上思想上最为成熟的一部。 | |
| 410 | 0 | @12001 @a名著名译插图本 |
| 606 | 0 | @a长篇小说@Achang pian xiao shuo@y英国@z近代 |
| 690 | @aI561.44@v4 | |
| 701 | 1 | @a奥斯汀,@Aao si ting,@bJ.@g(Austen, Jane),@f1775.12~1817@4著 |
| 702 | 0 | @a李文俊@Ali wen jun@4译 |
| 702 | 0 | @a蔡慧@Acai hui@4译 |
| 801 | 0 | @aCN@c20061206 |
| 905 | @a10447@dI561.44@eA762 | |
| 爱玛/(英) 简·奥斯丁著/李文俊, 蔡慧译.-北京:人民文学出版社,2005.01 |
| 425页:图;21cm.-(名著名译插图本) |
| ISBN 7-02-005003-4:CNY22.00 |
| 本书以风趣的语言贺巧妙的故事结构,叙述了十九世纪初几对男女青年的恋爱与婚姻,是作者奥斯丁的作品中艺术上思想上最为成熟的一部。 |
| ● |
| 相关链接 |
|
|
|
正题名:爱玛
索取号:I561.44/A762
 
预约/预借
| 序号 | 登录号 | 条形码 | 馆藏地/架位号 | 状态 | 备注 |
| 1 | 225145 | 202251455 | 社科二线400B/400B社科库 10排2列5层/ [索取号:I561.44/A762] | 在馆 | |
| 2 | 225146 | 202251464 | 社科二线400B/400B社科库 10排3列4层/ [索取号:I561.44/A762] | 在馆 | |
| 3 | 225147 | 202251473 | 社科二线400B/400B社科库 10排3列4层/ [索取号:I561.44/A762] | 在馆 |